<?xml version="1.0" encoding="UTF-8"?>
<record
    xmlns:xsi="http://www.w3.org/2001/XMLSchema-instance"
    xsi:schemaLocation="http://www.loc.gov/MARC21/slim http://www.loc.gov/standards/marcxml/schema/MARC21slim.xsd"
    xmlns="http://www.loc.gov/MARC21/slim">

  <leader>01064naa a2200205 i 4500</leader>
  <controlfield tag="001">768714001</controlfield>
  <controlfield tag="003">CO-MdFUSB</controlfield>
  <controlfield tag="005">20260313162855.0</controlfield>
  <controlfield tag="008">260313t2015    ck  |||| |||| 00| 0 spa d</controlfield>
  <datafield tag="040" ind1=" " ind2=" ">
    <subfield code="b">spa</subfield>
    <subfield code="c">CO-MdFUSB</subfield>
    <subfield code="d">CO-MdFUSB</subfield>
  </datafield>
  <datafield tag="041" ind1=" " ind2=" ">
    <subfield code="a">spa</subfield>
  </datafield>
  <datafield tag="100" ind1=" " ind2=" ">
    <subfield code="a">Sarmiento Nova, Antonio Jos&#xE9;,</subfield>
    <subfield code="e">autor</subfield>
  </datafield>
  <datafield tag="245" ind1=" " ind2=" ">
    <subfield code="a">Perspectivas para una espiritualidad ecol&#xF3;gica en la enc&#xED;clica Laudato Si' </subfield>
    <subfield code="c">/ Antonio Jos&#xE9; Sarmiento Nova </subfield>
  </datafield>
  <datafield tag="300" ind1=" " ind2=" ">
    <subfield code="a">N&#xFA;mero 8, (2015), p&#xE1;ginas 95-105</subfield>
  </datafield>
  <datafield tag="520" ind1=" " ind2=" ">
    <subfield code="a">Impacta sobre manera la integralidad de este texto del magisterio del Papa Francisco cuando constatamos que aborda la totalidad de los problemas que inquietan a la humanidad contempor&#xE1;nea: el modelo econ&#xF3;mico vigente, el consumismo desaforado; la crisis ambiental; los asuntos esenciales de la sostenibilidad; la exclusi&#xF3;n social y la pobreza.</subfield>
  </datafield>
  <datafield tag="650" ind1=" " ind2=" ">
    <subfield code="v">Espiritualidad ecol&#xF3;gica </subfield>
  </datafield>
  <datafield tag="773" ind1="0" ind2=" ">
    <subfield code="0">68214</subfield>
    <subfield code="9">81331</subfield>
    <subfield code="o">R2117</subfield>
    <subfield code="t">Abriendo Horizontes </subfield>
    <subfield code="w">(CO-MdFUSB)768714001</subfield>
    <subfield code="x">23573295</subfield>
    <subfield code="g">N&#xFA;mero 8, (2015), p&#xE1;ginas 95-105</subfield>
    <subfield code="q">p&#xE1;ginas 95</subfield>
  </datafield>
  <datafield tag="942" ind1=" " ind2=" ">
    <subfield code="c">ANA</subfield>
  </datafield>
  <datafield tag="945" ind1=" " ind2=" ">
    <subfield code="a">JTF-925</subfield>
  </datafield>
  <datafield tag="999" ind1=" " ind2=" ">
    <subfield code="c">71616</subfield>
    <subfield code="d">71616</subfield>
  </datafield>
</record>
